Wizzair True or false? 1 minute sprint - Statistics

General Stats
  • This quiz has been taken 83 times
  • The average score is 5 of 6
Answer Stats
Question Answer % Correct
Wizzair was founded in Hungary. True
92%
Wizzair flies to USA. False
86%
Wizzair flies only Airbus aircraft. True
86%
Wizzair is one of the safest airlines, having no fatal accidents. True
86%
Wizzair Abu Dhabi was founded in 2019. True
67%
Wizzair has one cargo aircraft. True
36%
No matching quizzes found
Score Distribution
Percent of People with Each Score
Percentile by Number Answered
Your Score History
You have not taken this quiz